000 00271nam a2200109Ia 4500
008 200302s9999 xx 000 0 und d
100 _aKuniko Fujita
245 _aCities And Crisis
260 _bSage Studies In International Sociology
260 _c2013
300 _a325 P
999 _c5420
_d5420